Denver Nuggets 2020's Starters - Statistics

General Stats
  • This quiz has been taken 735 times
    57 since last reset
  • The average score is 8 of 13
Answer Stats
Player Starts % Correct
Jamal Murray 6
100%
Nikola Jokić 7
100%
Aaron Gordon 4
96%
Michael Porter Jr. 4
94%
Kentavious Caldwell-Pope 2
86%
Christian Braun 2
82%
Cameron Johnson 1
69%
Peyton Watson 1
45%
Paul Millsap 2
31%
Gary Harris 1
29%
Will Barton 3
24%
Jeff Green 1
22%
Monte Morris 1
22%
No matching quizzes found
Score Distribution
Percent of People with Each Score
Percentile by Number Answered
Your Score History
You have not taken this quiz since the last reset